Missing Word: Movies, Books & Music (K) Quiz Stats

Quiz Updated Mar 13, 2017

Challenge
Share
Tweet
Embed
Score 0/21 Timer 02:00
0 Plays Today
Hint Answer % Correct
MusicKung
99.4%
MoviesKin
97.3%
MusicKid
96.5%
BooksKennedy
95.9%
MoviesKane
95%
MoviesKing's
92.6%
MoviesKnight
85.9%
BooksKite
85%
MusicKarma
82.1%
MoviesKilling
79.4%
BooksKeeper
75.7%
Hint Answer % Correct
MusicKissed
75.4%
BooksKey
73.5%
BooksKarenina
70.1%
BooksKevin
51.2%
BooksKaramazov
45.9%
MusicKissinger
43.9%
MusicKentucky
42.5%
MusicKenneth
42%
MoviesKingsman
35.8%
MoviesKatherine
5.5%

Today's Daily Dose

You're not logged in!

Compare scores with friends on all Sporcle quizzes.
Sign Up with Email
OR
Log In

You Might Also Like...

Show Comments

Extras

Top Quizzes Today


Score Distribution

Your Account Isn't Verified!

In order to create a playlist on Sporcle, you need to verify the email address you used during registration. Go to your Sporcle Settings to finish the process.